LEADER 03831nas 2201057- 450 001 996336706103316 005 20230311213022.0 011 $a2474-0896 035 $a(OCoLC)746582716 035 $a(CKB)954925582187 035 $a(CONSER)--2016202870 035 $a(MiAaPQ)4969 035 $a(DE-599)ZDB2241762-X 035 $a(EXLCZ)99954925582187 100 $a20110812a19939999 --- a 101 0 $aeng 135 $aurbn||||||abp 135 $aurbn||||||ada 181 $ctxt$2rdacontent 182 $cc$2rdamedia 183 $acr$2rdacarrier 200 00$aBritish journal of biomedical science 210 1$aLondon :$cPublished for the Institute of Medical Laboratory Sciences by Royal Society of Medicine Services,$d1993- 210 21$aAbingdon, Oxfordshire, UK :$cTaylor & Francis 210 31$aLausanne, Switzerland :$cFrontiers Media S.A. 215 $a1 online resource 300 $aAs of 2022, the journal will begin publishing under a Gold Open Access model. All articles will be immediately, permanently, and freely available to read, download, and access for people everywhere. Authors will retain copyright on all new articles published and the journal will be compliant with Plan S. 300 $aRefereed/Peer-reviewed 311 $a0967-4845 531 $aBR J BIOMED SCI 531 $aBRIT J BIOMED SCI 531 $aBR J BIOMED 531 $aBR. J. BIOMED. SCI 531 0 $aBr. j. biomed. sci. 606 $aMedical sciences$vPeriodicals 606 $aMedical technology$vPeriodicals 606 $aAnatomy, Pathological 606 $aLife sciences 606 $aMedical laboratory technology 606 $aMedical technology 606 $aAnatomie pathologique 606 $aSciences de la santé$vPériodiques 606 $aTechnologie médicale$vPériodiques 606 $aSciences de la vie 606 $aMédecine$xLaboratoires$xTechnique 606 $aTechnologie médicale 606 $abiological sciences$2aat 606 $aMedical laboratory technology$2fast$3(OCoLC)fst01014300 606 $aLife sciences$2fast$3(OCoLC)fst00998323 606 $aAnatomy, Pathological$2fast$3(OCoLC)fst00808458 606 $aMedical sciences$2fast$3(OCoLC)fst01014601 606 $aMedical technology$2fast$3(OCoLC)fst01014742 606 $aKlinische chemie$2gtt 606 $aLaboratoriumonderzoek$2gtt 606 $aBiological Science Disciplines 606 $aClinical Laboratory Techniques 606 $aMedical Laboratory Science 606 $aPathology 608 $aPeriodicals.$2fast 608 $aPeriodical 615 0$aMedical sciences 615 0$aMedical technology 615 0$aAnatomy, Pathological. 615 0$aLife sciences. 615 0$aMedical laboratory technology. 615 0$aMedical technology. 615 6$aAnatomie pathologique. 615 6$aSciences de la santé 615 6$aTechnologie médicale 615 6$aSciences de la vie. 615 6$aMédecine$xLaboratoires$xTechnique. 615 6$aTechnologie médicale. 615 7$abiological sciences. 615 7$aMedical laboratory technology. 615 7$aLife sciences. 615 7$aAnatomy, Pathological. 615 7$aMedical sciences. 615 7$aMedical technology. 615 17$aKlinische chemie. 615 17$aLaboratoriumonderzoek. 615 2$aBiological Science Disciplines 615 2$aClinical Laboratory Techniques 615 2$aMedical Laboratory Science 615 2$aPathology 676 $a610 712 02$aInstitute of Medical Laboratory Sciences (Great Britain), 712 02$aRoyal Society of Medicine Services (Great Britain), 906 $aJOURNAL 912 $a996336706103316 996 $aBritish journal of biomedical science$92248141 997 $aUNISA LEADER 07779 am 2202221 n 450 001 9910495800003321 005 20180419 010 $a2-35596-036-4 024 7 $a10.4000/books.irasec.2226 035 $a(CKB)4100000004910701 035 $a(FrMaCLE)OB-irasec-2226 035 $a(oapen)https://directory.doabooks.org/handle/20.500.12854/85519 035 $a(PPN)230000452 035 $a(EXLCZ)994100000004910701 100 $a20180703j|||||||| ||| 0 101 0 $afre 135 $auu||||||m|||| 181 $ctxt$2rdacontent 182 $cc$2rdamedia 183 $acr$2rdacarrier 200 12$aL?Asie du Sud-Est 2009 : les évènements majeurs de l?année /$fArnaud Leveau 210 $aBangkok $cInstitut de recherche sur l?Asie du Sud-Est contemporaine$d2018 215 $a1 online resource (313 p.) 225 1 $aAsie du Sud-Est 311 $a2-915752-48-6 330 $aChaque année l'Institut de recherche sur l'Asie du Sud-Est contemporaine (Irasec), basé à Bangkok, analyse les principaux événements politiques, économiques, sociaux, environnementaux ou religieux survenus dans l'ensemble du sous-continent asiatique. Plus de dix après la crise qui ébranla les économies asiatiques, l'Asie du Sud-Est est de nouveau confrontée à de graves difficultés qui mettent à mal ses modèles de développement économique et politique. S'agit-il seulement d'une crise de croissance d'une région prise dans la tourmente de l'économie mondiale ou bien est-ce que cette nouvelle dépression qui affecte l'ensemble des pays de la zone a des racines plus profondes ? Etablissant une rétrospective des événements majeurs de l'année 2008 ce livre aide à mieux comprendre les principaux enjeux de l'année 2009 dans une région en perpétuelle évolution et dont les soubresauts peuvent avoir des conséquences jusqu'en Europe. Grâce au travail tout au long de l'année d'une quinzaine de chercheurs et d'experts européens et asiatiques, Asie du Sud-Est 2009 tente de démêler l'éphémère des grandes tendances historiques et offre un décryptage pertinent et contemporain d'une actualité asiatique dense et multiforme. Outre une analyse passionante, cet ouvrage propose de nombreux outils pratiques tels qu'une chronologie détaillée de l'année, les adresses des différents centres de recherche francophones et européens travaillant sur l'Asie du Sud-Est, une bibliographie rassemblant les ouvrages publiés l'année dernière ou encore une liste des centres de documentation et des formations relatives à l'Asie du Sud-Est ainsi que les adresses de librairies spécialisées. 517 $aAsie du Sud-Est 2009 517 $aL'Asie du Sud-Est 2009 517 $aL?Asie du Sud-Est 2009 517 $aL'Asie du Sud-Est 2009 517 $aL'Asie du Sud-Est 2009 517 $aL'Asie du Sud-Est 2009 517 $aL'Asie du Sud-Est 2009 517 $aL'Asie du Sud-Est 2009 517 $aL'Asie du Sud-Est 2009 517 $aL'Asie du Sud-Est 2009 517 $aL'Asie du Sud-Est 2009 517 $aL'Asie du Sud-Est 2009 517 $aL'Asie du Sud-Est 2009 517 $aL'Asie du Sud-Est 2009 517 $aL'Asie du Sud-Est 2009 517 $aL'Asie du Sud-Est 2009 517 $aL'Asie du Sud-Est 2009 517 $aL'Asie du Sud-Est 2009 517 $aL'Asie du Sud-Est 2009 517 $aL'Asie du Sud-Est 2009 517 $aL'Asie du Sud-Est 2009 517 $aL'Asie du Sud-Est 2009 517 $aL'Asie du Sud-Est 2009 517 $aL'Asie du Sud-Est 2009 517 $aL'Asie du Sud-Est 2009 517 $aL'Asie du Sud-Est 2009 517 $aL'Asie du Sud-Est 2009 517 $aL'Asie du Sud-Est 2009 517 $aL'Asie du Sud-Est 2009 517 $aL'Asie du Sud-Est 2009 517 $aL'Asie du Sud-Est 2009 517 $aL'Asie du Sud-Est 2009 517 $aL?Asie du Sud-Est 2009  606 $aEconomics (General) 606 $aminorités 606 $aurbanisation 606 $aculture 606 $apolitique 606 $acapitalisme 606 $aconflit 606 $aéconomie 606 $aSingapour 606 $aVietnam 606 $asociété civile 606 $aIndonésie 606 $aAsie du Sud-Est 606 $aMalaisie 606 $aPhilippines 606 $aThaïlande 606 $aAsean 606 $aBirmanie 606 $aTimor 606 $aCambodge 606 $aLaos 606 $aBrunei 606 $aconflict 606 $apolitics 606 $aeconomics 606 $acapitalism 606 $aminorities 606 $aSoutheast Asia 606 $aurbanization 606 $acivil society 606 $aViêt Nam 606 $aThailand 606 $apolitical transition 606 $aMyanmar 606 $aBurma 606 $aMalaysia 606 $aeconomic transition 606 $aIndonesia 606 $aCambodia 606 $aregional integration 606 $aTimor-Leste 606 $aSingapore 610 $aconflict 610 $apolitics 610 $aeconomics 610 $acapitalism 610 $aminorities 610 $aSoutheast Asia 610 $aurbanization 610 $acivil society 610 $aViêt Nam 610 $aThailand 610 $apolitical transition 610 $aMyanmar 610 $aBurma 610 $aMalaysia 610 $aeconomic transition 610 $aIndonesia 610 $aCambodia 610 $aregional integration 610 $aTimor-Leste 610 $aSingapore 615 4$aEconomics (General) 615 4$aminorités 615 4$aurbanisation 615 4$aculture 615 4$apolitique 615 4$acapitalisme 615 4$aconflit 615 4$aéconomie 615 4$aSingapour 615 4$aVietnam 615 4$asociété civile 615 4$aIndonésie 615 4$aAsie du Sud-Est 615 4$aMalaisie 615 4$aPhilippines 615 4$aThaïlande 615 4$aAsean 615 4$aBirmanie 615 4$aTimor 615 4$aCambodge 615 4$aLaos 615 4$aBrunei 615 4$aconflict 615 4$apolitics 615 4$aeconomics 615 4$acapitalism 615 4$aminorities 615 4$aSoutheast Asia 615 4$aurbanization 615 4$acivil society 615 4$aViêt Nam 615 4$aThailand 615 4$apolitical transition 615 4$aMyanmar 615 4$aBurma 615 4$aMalaysia 615 4$aeconomic transition 615 4$aIndonesia 615 4$aCambodia 615 4$aregional integration 615 4$aTimor-Leste 615 4$aSingapore 700 $aBenoit$b Do Hien$01317163 701 $aBoutry$b Maxime$01238948 701 $aChee$b Wong Tai$01317164 701 $aDefer$b Hermine$01317165 701 $aDubus$b Arnaud$01233390 701 $aDurand$b Frédéric$0458909 701 $aFaure$b Guy$0250440 701 $aFerrari$b Olivier$01238949 701 $aGambade$b Denis$01317166 701 $aIvanoff$b Jacques$01282336 701 $aKane$b Solomon$01283893 701 $aLejard$b Thierry$01317167 701 $aLeost$b Gabriel$01317168 701 $aLeveau$b Arnaud$01235896 701 $aMadinier$b Rémy$0707381 701 $aMigaux$b Philippe$01317169 701 $aTan$b Danielle$01248091 701 $aTréglodé$b Benoît de$01104898 701 $aVienne$b Marie-Sybille de$01283899 701 $aLeveau$b Arnaud$01235896 801 0$bFR-FrMaCLE 906 $aBOOK 912 $a9910495800003321 996 $aL?Asie du Sud-Est 2009 : les évènements majeurs de l?année$93032892 997 $aUNINA